000 00609nam a2200229Ia 4500
003 GCL
008 140319s9999 xx 000 0 eng d
020 _a288046479X
040 _aGCL /
_cGCL
082 0 4 _a770
_bH B
100 1 _aHOPE, TERRY
245 1 0 _aBLACK & WHITE PHOTOGARPHY /
_cHOPE, TERRY
260 _aسويسرا :
_bROTOVISION SA ،
_c2001
300 _a20 CM ؛
_c128 P
490 _aBETTER PICTURE GUIDE TO
_v0
650 0 4 _aPHOTOGRAPHY
650 0 4 _aPICTURES
650 0 4 _aPHOTOGRAPHS
650 0 4 _aBLACK AND WHITE PHOTOGRAPHY
650 0 4 _aPHOTOGRAPHS - COLORING
942 _2ddc
_cBK
999 _c6632
_d6632